000 01004nmm a2200277 a 4500
001 ocm000703805
003 TR-IsHL
005 20201028141832.0
008 131226s2006 tu tur
007 cr cn
035 _a703805
_b(N$T)
050 0 4 _aDR435.T9
_b.A43 2006
090 0 4 _aDR435.T9
_b.A43 2006
100 1 _aAlcıoğlu, Mehmet Adil
245 1 0 _aTarihte Alcı-Tecirli (Beğdili - İlbeyli - Elbeyli) Türkmenleri soykimlikleri
_h[electronic resource] /
_cMehmet Adil Alcıoğlu
260 _aKahramanmaraş :
_bUkde Kitaplığı,
_c2006
300 _a292 p.
650 4 _aTarih
650 4 _aHistory
650 0 _aTürkmen Aşiretleri
650 0 _aTurkmen Tribes
650 0 _aAlcı-Tecirli (Beğdili-İlbeyli-Elbeyli) Türkmenleri
650 0 _aAlcı-Tecirli (Beğdili-İlbeyli-Elbeyli) Turkmens
650 7 _aHISTORY / Middle East / Turkey & Ottoman Empire
_2bisacsh
856 4 0 _uhttp://search.ebscohost.com/login.aspx?direct=true&scope=site&db=e011xww&AN=703805
999 _c8027
_d8027